Normal view
MARC view
- Bernadou, M.
Entry Personal Name
001 - CONTROL NUMBER
- control field: 8859
003 - CONTROL NUMBER IDENTIFIER
- control field: NUST
005 - DATE AND TIME OF LATEST TRANSACTION
- control field: 20180118153157.0
008 - FIXED-LENGTH DATA ELEMENTS
- fixed length control field: 180118|| aca||aabn | a|a d
040 ## - CATALOGING SOURCE
- Original cataloging agency: NUST
- Transcribing agency: NUST
100 ## - HEADING--PERSONAL NAME
- Personal name: Bernadou, M.
670 ## - SOURCE DATA FOUND
- Source citation: Work cat.: (NUST)29186: Dautray, Robert. 8854, Mathematical analysis and numerical methods for science and technology : Volume 4 :, 1990.
